Famous Twosomes Quiz Stats

 Plays Quiz Updated Dec 6, 2011

     
Support Sporcle.
Go Orange.
Score 0/80 Timer 10:00
18 Plays Today
Thing % Correct
Venus
99.2%
Serena
99.2%
Heads
96.4%
Tails
96.1%
Romeo
93.1%
Juliet
93%
Eve
90.5%
Adam
90.5%
Salt
88.2%
Pepper
88.2%
Hell
86.9%
Heaven
86.8%
Latitude
85.3%
Longitude
85.2%
Yin
81.3%
Yang
81.2%
Barbie
78.8%
Ken
78.5%
Hiroshima
77.2%
Acidic
76.8%
Basic
75%
Hansel
70.8%
Stern
70.1%
Gretel
69.1%
Nagasaki
67.9%
Stalagmites
66.2%
Bow
65.2%
Minneapolis
60.1%
Orville
60.1%
St. Paul
57.2%
Jets
56.9%
Pompeii
53.2%
Tropic of Cancer
51.8%
Sharks
51.3%
Drum
51.2%
Tropic of Capricorn
50.7%
Romulus
50.2%
Treble
49.3%
Death
49.3%
Remus
49.2%
Thing % Correct
Stalactites
48.5%
Bass
48.1%
Taxes
46.7%
Wilbur
46.3%
Mortar
46%
Pestle
43.3%
Fauna
39.7%
Flora
39.4%
Skull
38%
Crossbones
37.9%
Fife
35.9%
Wallace
35.1%
Tweedledee
35%
Tweedledum
34.9%
Gromit
34.5%
Francis Crick
34.2%
James Watson
32.8%
Flotsam
25.6%
Charles Mason
25.2%
Jeremiah Dixon
24.9%
Jetsam
24.7%
Judy
23.3%
Punch
23.2%
Imaginary
22.7%
Real
22.4%
Shave
21.5%
Haircut
21.4%
AFL
18%
CIO
17.6%
Oliver Hardy
15.6%
Arthur Sullivan
15.5%
Stan Laurel
15.4%
W.S. Gilbert
15.4%
Mao Zedong
14.4%
Chiang Kai-Shek
12.6%
Pollux
11.4%
Castor
11.4%
Waldorf
11.4%
Herculaneum
10%
Statler
9.9%

From the Vault

Finish the Famous 'Last Words'

by Blackhawks65

History 4m
These folks made memorable, poetic or simply puzzling exits.
Remove Ads.
Support Sporcle.
Get the best of Sporcle when you Go Orange. This ad-free experience offers more features, more stats, and more fun while also helping to support Sporcle. Thank you for becoming a member.

Show Comments

Extras

Top Quizzes Today


Score Distribution

Your Account Isn't Verified!

In order to create a playlist on Sporcle, you need to verify the email address you used during registration. Go to your Sporcle Settings to finish the process.

Report this User

Report this user for behavior that violates our Community Guidelines.

Details: